000 00489nam a2200181Ia 4500
001 4880
005 20260306145827.0
008 260306t2014||||xx |||||||||||||| ||spa||
041 _aESP
082 _a330.9854
_bC265
100 _aCondori Condori, Víctor
_eAUT
245 0 _aReformas económicas y privilegios comerciales:
_blos cinco gremios mayores de Madrid en Arequipa 1790-1820
260 _c2014
300 _a
_c
650 _aGEN
654 _aCAN
942 _cLIB
_dJUS
_fJUS
_2ddc
_n
999 _c4880
_d4880